| 000 | 01325nam a2200253 a 4500 | ||
|---|---|---|---|
| 001 | BS0003421 | ||
| 003 | BR-BrBNA | ||
| 005 | 20231010142537.0 | ||
| 008 | 230308b |||||||| |||| 00| 0 por d | ||
| 040 |
_aBR-BrBNA _bpor _cBiblioteca Nacional de Agricultura |
||
| 041 | _apor | ||
| 072 | _aLITERATURA BRASILEIRA | ||
| 090 |
_aS86 _bBS0003421 |
||
| 100 | 1 | _aSousa, João da Cruz e | |
| 245 | 1 |
_aPoesias completas de Cruz e Sousa: _bbroquéis, faróis, últimos sonetos / |
|
| 250 | 1 | _a8. ed. | |
| 260 | 3 |
_aRio de janeiro, RJ: _bEdiouro, _c1998. |
|
| 300 | _a118 p. | ||
| 500 | _aEdição rigorosamente revista , com introduçao de Tasso da Silveira.. | ||
| 520 | 3 | _aBroquéis, Faróis e Últimos Sonetos constituem o precioso legado que João da Cruz e Sousa, o infeliz poeta negro, deixou às letras em pleno apogeu do Simbolismo. São poesias em que sob colorida diafaneidade brilham riquíssimos tesouros. No dizer de Antônio Soares Amora, "a arte simbolista impôs finalmente uma nova concepção do mundo objetivo, o mundo das coisas e dos seres, que então perdem o sentido que o Realismo fez supor terem por si mesmos, e adquirem o sentido, ou melhor, o significado que lhes dá o espírito ou a alma de cada indivíduo. | |
| 650 | _aLITERATURA BRASILEIRA | ||
| 650 | _aPOESIA BRASILEIRA | ||
| 942 |
_cBK _2AGRIS |
||
| 999 |
_c8483 _d8483 |
||